Plus grandes villes des pays commençant par L - Statistiques

Statistiques générales
  • Ce quiz a été pris 50 fois
  • Le résultat moyen est 9 sur 20
Statistiques - réponses
Nombre d'habitants Ville % Correct
1 070 000 habitants Riga
86%
2 400 000 habitants Beyrouth
84%
850 000 habitants Tripoli (Liban)
84%
3 090 000 habitants Tripoli (Libye)
84%
830 000 habitants Vilnius
82%
215 000 habitants Luxembourg
80%
950 000 habitants Vientiane
66%
1 050 000 habitants Monrovia
64%
350 000 habitants Maseru
55%
1 200 000 habitants Benghazi
48%
550 000 habitants Kaunas
41%
220 000 habitants Klaipėda
23%
270 000 habitants Sidon
16%
890 000 habitants Misrata
9%
380 000 habitants El Beïda
7%
250 000 habitants Khoms
7%
420 000 habitants Ajdabiya
5%
340 000 habitants Tarhounah
5%
240 000 habitants Zaouïa
5%
310 000 habitants Zliten
5%
Aucun quiz correspondant
Distribution des résultats
% des personnes avec chaque résultat
Percentile par nombre de réponses
Votre historique - résultats
Vous n’avez pas pris ce quiz